Teoría, administración y participación en el estado moderno: Bodino, Arnisaeus, Beza

Uloženo v:
Podrobná bibliografie
Hlavní autor: Huesbe Llanos, Marco Antonio (autor)
Médium: Kniha
Jazyk:španělština
Vydáno: Valparaíso Universitarias de Valparaíso 2008
Témata:
Tagy: Přidat tag
Žádné tagy, Buďte první, kdo vytvoří štítek k tomuto záznamu!

MARC

LEADER 00000nam a2200000 a 4500
001 UCH7856
003 CL-VaPUC
005 20240502163547.0
008 091126e20080000CL |||||||||||||||||spa|d
999 |c 338202  |d 338200 
020 |a 9789561704206 
040 |c Pontificia Universidad Católica de Valparaíso 
082 0 4 |a 320  |b HUE  |2 21 
100 |a Huesbe Llanos, Marco Antonio   |e autor  |9 858175 
245 1 0 |a Teoría, administración y participación en el estado moderno: Bodino, Arnisaeus, Beza 
260 |a Valparaíso  |b Universitarias de Valparaíso  |c 2008 
300 |a 232 p 
583 |a last modification  |c 20160913 04:40:18  |k Rodrigo Vera 
650 7 |a TEORIA POLITICA  |2 CL-VaPUC  |9 544235 
650 7 |a FILOSOFIA POLITICA  |2 CL-VaPUC  |9 544236 
650 0 |a Ciencia política  |9 324218 
650 0 |a Historia moderna  |9 268036 
650 0 |a Doctrinas políticas  |9 255835 
852 |a BIBCUR 
942 |c BK  |2 ddc 
945 |d 20091126 00:00:00  |a cmena 
952 |0 0  |1 0  |4 0  |6 320_000000000000000_HUE_2008  |7 0  |8 C  |9 431079  |a BIBCUR  |b BIBCUR  |d 2019-11-22  |i 4555015  |o 320 HUE 2008  |p 4555015  |r 2025-04-22  |w 2019-11-22  |y BK  |k CAC 
952 |0 0  |1 0  |4 0  |6 320_000000000000000_HUE_2008  |7 0  |8 C  |9 431080  |a BIBCUR  |b BIBCUR  |d 2019-11-22  |i 4555023  |o 320 HUE 2008  |p 4555023  |r 2025-04-22  |w 2019-11-22  |y BK  |k CAC